[Event "Utrecht Keres Memorial"]
[Site "Utrecht"]
[Date "2022.05.28"]
[Round "4"]
[White "Van Aken, Jelmer"]
[Black "Geboers, Jimmy"]
[Result "1-0"]
[WhiteElo "1782"]
[BlackElo "1845"]
[PlyCount "80"]
[EventDate "2022.05.27"]
[EventType "swiss"]
[EventRounds "6"]
[EventCountry "NED"]
[SourceTitle "CBM 208 Extra"]
[Source "ChessBase"]
[SourceDate "2022.07.31"]
[SourceVersion "1"]
[SourceVersionDate "2022.07.31"]
[SourceQuality "1"]

1. e4 e6 2. d4 d5 3. Nc3 Nf6 4. Bg5 Be7 5. e5 Ne4 6. Bxe7 Nxc3 7. Bxd8 Nxd1 8. Rxd1 Kxd8 9. c4 c6 10. f4 b6 11. Nf3 Ba6 12. b3 Bb7 13. Be2 Ke7 14. 0-0 Nd7 15. Rc1 dxc4 16. Bxc4 c5 17. Bb5 Bxf3 18. Rxf3 cxd4 19. Rc7 Rhd8 20. Rd3 a6 21. Bxd7 Rxd7 22. Rxd7+ Kxd7 23. Rxd4+ Kc7 24. Kf2 Rd8 25. Ke3 Rxd4 26. Kxd4 Kc6 27. Kc4 b5+ 28. Kd4 a5 29. h3 b4 30. Kc4 Kb6 31. g3 Kc6 32. g4 Kb6 33. Kd4 Kb5 34. Kd3 Kc5 35. Ke4 h6 36. h4 g6 37. h5 Kc6 38. g5 hxg5 39. h6 Kc5 40. Kd3 Kd5 1-0

[Event "Utrecht Keres Memorial"]
[Site "Utrecht"]
[Date "2022.05.27"]
[Round "3"]
[White "Arnold, Lorin"]
[Black "Van Aken, Jelmer"]
[Result "0-1"]
[WhiteElo "1709"]
[BlackElo "1782"]
[PlyCount "112"]
[EventDate "2022.05.27"]
[EventType "swiss"]
[EventRounds "6"]
[EventCountry "NED"]
[SourceTitle "CBM 208 Extra"]
[Source "ChessBase"]
[SourceDate "2022.07.31"]
[SourceVersion "1"]
[SourceVersionDate "2022.07.31"]
[SourceQuality "1"]

1. f4 d5 2. Nf3 Nf6 3. e3 Bf5 4. b3 e6 5. Bb2 Be7 6. Be2 Nbd7 7. 0-0 c5 8. d3 Rc8 9. Nbd2 Ng4 10. e4 Ne3 11. Qe1 Nxf1 12. Bxf1 Bg6 13. Qg3 Bf6 14. e5 Be7 15. Re1 Rg8 16. Qh3 Qa5 17. a3 b5 18. g4 h5 19. g5 c4 20. b4 Qa6 21. c3 cxd3 22. Nd4 Qb6 23. Bxd3 Bxd3 24. Qxd3 g6 25. N2b3 a6 26. Na5 Qa7 27. Bc1 Bd8 28. Be3 Bb6 29. Kf1 Qc7 30. Ndc6 Bxa5 31. Nxa5 Qxc3 32. Qxc3 Rc7 33. Qc6 Rxc6 34. Rc1 Rxc1+ 35. Bxc1 Nb6 36. Be3 Nc4 37. Nxc4 bxc4 38. Ke2 Kd7 39. Kd2 Kc6 40. a4 Rb8 41. Kc3 Rd8 42. Bd4 Rd7 43. h4 Rb7 44. a5 Kb5 45. Bc5 Ka4 46. Bb6 Rd7 47. Bd4 Rd8 48. Bc5 d4+ 49. Kc2 d3+ 50. Kd1 c3 51. Bd6 Kb3 52. b5 axb5 53. a6 Ra8 54. f5 Rxa6 55. Ke1 d2+ 56. Ke2 Ra1 0-1

[Event "Utrecht OKU op-B 45th"]
[Site "Utrecht"]
[Date "2018.06.03"]
[Round "6"]
[White "Van Aken, Jelmer"]
[Black "Waardenburg, Feline"]
[Result "1-0"]
[WhiteElo "1624"]
[BlackElo "1706"]
[PlyCount "37"]
[EventDate "2018.06.01"]
[EventType "swiss"]
[EventRounds "6"]
[EventCountry "NED"]
[SourceTitle "EXT 2019"]
[Source "ChessBase"]
[SourceDate "2018.10.10"]
[SourceVersion "1"]
[SourceVersionDate "2018.10.10"]
[SourceQuality "1"]

1. e4 c6 2. d4 d5 3. Nc3 dxe4 4. Nxe4 Bf5 5. Ng3 Bg6 6. h4 h6 7. Nf3 Nd7 8. Bd3 Bxd3 9. Qxd3 e6 10. Bd2 Qc7 11. c4 Ngf6 12. 0-0-0 0-0-0 13. Bc3 c5 14. Rhe1 cxd4 15. Nxd4 Nb6 16. b3 e5 17. Qf5+ Nfd7 18. Nb5 Qc5 19. Rxe5 1-0